| 000 | 01805nam0a2200385 4500 | ||
|---|---|---|---|
| 001 | RU\NLR\bibl\967299 | ||
| 005 | 20250614210101.0 | ||
| 010 |
_a5-91136-007-1 _91500 |
||
| 021 |
_aRU _b2006-30035 _91496 |
||
| 035 | _a(nilc)RSL-KNO-002889370 | ||
| 035 | _a(NLR Aleph) 000955280 | ||
| 090 |
_a305233 _c305233 |
||
| 100 | _a20060524d2006 |||y0rusy50 ca | ||
| 101 | 1 |
_arus _ceng |
|
| 102 | _aRU | ||
| 105 | _aa ||||||||| | ||
| 106 | _ar | ||
| 200 | 1 |
_aEclipse IDE _eкарманный справочник _fЭд Барнет _g[пер. с англ. И Никоненко] |
|
| 210 |
_aМосква _cКУДИЦ-Образ _d2006 _eМ. _gЩербинская типография |
||
| 215 |
_a160 с. _cил. _d16 |
||
| 300 | _aЗагл. и авт. ориг.: Eclipse IDE / Ed Burnette | ||
| 454 | 0 |
_12001#$aEclipse IDE$fEd Burnette _1700#1$aBurnette$bE.$gEd$4070 _tEclipse IDE _aBurnette, Ed |
|
| 606 | 1 |
_aECLIPSE IDE, система автоматизированного проектирования программного обеспечения _jСправочники _92434687 _3RU\NLR\auth\661448876 |
|
| 610 | 0 | _aВычислительная техника -- Вычислительные машины электронные цифровые -- Персональные компьютеры -- Программирование -- Пакеты прикладных программ -- Справочник | |
| 610 | 0 | _aEclipse IDE | |
| 610 | 0 | _aинтегрированная среда разработки | |
| 686 |
_aЗ973.26-018.2я22 _2rubbk |
||
| 686 | _aЗ973.2-018-5-05я2 | ||
| 700 | 1 |
_aБарнет _bЭ. _gЭд _4070 |
|
| 801 | 0 |
_aRU _bРКП _c20060524 _grcr |
|
| 801 | 1 |
_aRU _bРГБ _c20060524 |
|
| 801 | 2 |
_aRU _bNLR _c20060713 _grcr |
|
| 942 | _cBOOK | ||
| 980 | _aNB | ||